000 00922nam a2200253 a 4500
001 53554
003 BD-RjUL
005 20211209080001.0
008 161017s1977 bg ||||| |||| 00| 0 ben d
020 _c: TK 30.00
035 _a(BD-RjUL)53676
040 _aBD-RjUL
_bben
_cBD-RjUL
041 _aben
082 _223
_a891.44109
_bALS 1977
100 _aআলাউল
_9146558
245 1 0 _aসিকান্দারনামা /
_cআলাউল
250 _a১ম সং.
260 _aঢাকা :
_bবাংলা একাডেমী,
_c১৯৭৭
300 _a[১০], ৪০০ পৃ. ;
_c২১ সেমি.
650 _aবাংলা কবিতা
_xইতিহাস ও সমা্লোচনা
_9160048
650 _aBengali Literature
_xHistory & Criticism
_9160049
700 _aশরীফ, আহমাদ, সম্পাদক
_9160050
942 _2ddc
_cBK
999 _c53554
_d53554